<?xml version="1.0" encoding="UTF-8"?>
<record
    xmlns:xsi="http://www.w3.org/2001/XMLSchema-instance"
    xsi:schemaLocation="http://www.loc.gov/MARC21/slim http://www.loc.gov/standards/marcxml/schema/MARC21slim.xsd"
    xmlns="http://www.loc.gov/MARC21/slim">

  <leader>00781nam a22002057a 4500</leader>
  <datafield tag="999" ind1=" " ind2=" ">
    <subfield code="c">62551</subfield>
    <subfield code="d">62551</subfield>
  </datafield>
  <controlfield tag="005">20241205164709.0</controlfield>
  <controlfield tag="008">241205s2014    ru ||||| |||| 00| 0 r   d</controlfield>
  <datafield tag="020" ind1=" " ind2=" ">
    <subfield code="a">9785932862179x</subfield>
  </datafield>
  <datafield tag="041" ind1=" " ind2=" ">
    <subfield code="a">rus</subfield>
  </datafield>
  <datafield tag="080" ind1=" " ind2=" ">
    <subfield code="a">005:004 &#x414;-30</subfield>
  </datafield>
  <datafield tag="100" ind1=" " ind2=" ">
    <subfield code="a">&#x414;&#x435;&#x43C;&#x430;&#x440;&#x43A;&#x43E;, &#x422;&#x43E;&#x43C; </subfield>
    <subfield code="9">23868</subfield>
  </datafield>
  <datafield tag="245" ind1=" " ind2=" ">
    <subfield code="a">&#x427;&#x435;&#x43B;&#x43E;&#x432;&#x435;&#x447;&#x435;&#x441;&#x43A;&#x438;&#x439; &#x444;&#x430;&#x43A;&#x442;&#x43E;&#x440;. &#x423;&#x441;&#x43F;&#x435;&#x448;&#x43D;&#x44B;&#x435; &#x43F;&#x440;&#x43E;&#x435;&#x43A;&#x442;&#x44B; &#x438; &#x43A;&#x43E;&#x43C;&#x430;&#x43D;&#x434;&#x44B; /</subfield>
    <subfield code="c">&#x422;&#x43E;&#x43C; &#x414;&#x435;&#x43C;&#x430;&#x440;&#x43A;&#x43E; &#x438; &#x422;&#x438;&#x43C;&#x43E;&#x442;&#x438; &#x41B;&#x438;&#x441;&#x442;&#x435;&#x440;.</subfield>
  </datafield>
  <datafield tag="250" ind1=" " ind2=" ">
    <subfield code="a">3-&#x435; &#x438;&#x437;&#x434;.</subfield>
  </datafield>
  <datafield tag="264" ind1=" " ind2=" ">
    <subfield code="a">&#x421;&#x430;&#x43D;&#x43A;&#x442;-&#x41F;&#x435;&#x442;&#x435;&#x440;&#x431;&#x443;&#x440;&#x433; :</subfield>
    <subfield code="b">&#x421;&#x438;&#x43C;&#x432;&#x43E;&#x43B;-&#x41F;&#x43B;&#x44E;&#x441;,</subfield>
    <subfield code="c">2014.</subfield>
  </datafield>
  <datafield tag="300" ind1=" " ind2=" ">
    <subfield code="a">288 &#x441;&#x442;&#x440;. ;</subfield>
    <subfield code="b">21 &#x441;&#x43C;.</subfield>
  </datafield>
  <datafield tag="653" ind1=" " ind2=" ">
    <subfield code="a">&#x10DB;&#x10D4;&#x10DC;&#x10D4;&#x10EF;&#x10DB;&#x10D4;&#x10DC;&#x10E2;&#x10D8;</subfield>
  </datafield>
  <datafield tag="653" ind1=" " ind2=" ">
    <subfield code="a">&#x10DE;&#x10E0;&#x10DD;&#x10D2;&#x10E0;&#x10D0;&#x10DB;&#x10D8;&#x10E0;&#x10D4;&#x10D1;&#x10D0;</subfield>
  </datafield>
  <datafield tag="700" ind1=" " ind2=" ">
    <subfield code="a">&#x41B;&#x438;&#x441;&#x442;&#x435;&#x440;, &#x422;&#x438;&#x43C;&#x43E;&#x442;&#x438; </subfield>
    <subfield code="e">&#x10D0;&#x10D5;&#x10E2;&#x10DD;&#x10E0;&#x10D8;</subfield>
    <subfield code="9">23869</subfield>
  </datafield>
  <datafield tag="942" ind1=" " ind2=" ">
    <subfield code="2">udc</subfield>
    <subfield code="c">&#x1CAC;&#x1C98;&#x1C92;&#x1C9C;&#x1C98;</subfield>
  </datafield>
  <datafield tag="952" ind1=" " ind2=" ">
    <subfield code="0">0</subfield>
    <subfield code="1">0</subfield>
    <subfield code="2">udc</subfield>
    <subfield code="4">0</subfield>
    <subfield code="6">005004_&#x414;30</subfield>
    <subfield code="7">0</subfield>
    <subfield code="9">101329</subfield>
    <subfield code="a">CPL</subfield>
    <subfield code="b">CPL</subfield>
    <subfield code="c">GEN</subfield>
    <subfield code="d">2024-12-05</subfield>
    <subfield code="g">258.00</subfield>
    <subfield code="o">005:004 &#x414;-30</subfield>
    <subfield code="p">69923</subfield>
    <subfield code="r">2024-12-05</subfield>
    <subfield code="t">69923</subfield>
    <subfield code="w">2024-12-05</subfield>
    <subfield code="y">&#x1CAC;&#x1C98;&#x1C92;&#x1C9C;&#x1C98;</subfield>
    <subfield code="z">258 &#x10DA;.</subfield>
  </datafield>
</record>
